000
00280nam a22001337a 4500
008
181102b xxu||||| |||| 00| 0 eng d
020
_a
32804
041
_a
eng
080
_a
610
100
_a
4
101
_a
SHM
245
_a
Diagnostic Examination
_c
DeGowin
942
_2
udc
_c
BK
999
_c
51567
_d
51567